000 01130nam a2200253 a 4500
001 54513
003 BD-RjUL
005 20211209080130.0
008 161107s2004 ii ||||| b||| 00| e ben d
020 _a8185471223
_c: Tk. 100.00
035 _a(BD-RjUL)54635
040 _aBD-RjUL
_bben
_cBD-RjUL
041 _aben
082 _223
_a891.44409
_bMUA 2004
100 _aমুখোপাধ্যায়, ধ্রুবকুমার
_9118824
245 1 0 _aএকালের প্রবন্ধ ও সমালোচনা সাহিত্য /
_cধ্রুবকুমার মুখোপাধ্যায়
250 _a৩য় পরিবর্জিত ও পরিবর্ধিত সং.
260 _aকলকাতা :
_bপুস্তক বিপণী,
_c২০০৪
300 _a২৫৪ পৃ. ;
_c২৩ সেমি.
504 _aগ্রন্থপঞ্জি সংযুক্ত
650 _aবাংলা প্রবন্ধ
_xইতিহাস ও সমালোচনা
_9120541
650 _aBengali Essays
_xHistory and Criticism
_9120542
942 _2ddc
_cBK
999 _c54513
_d54513